[Event "Joacaba op 2nd"]
[Site "Joacaba"]
[Date "2023.07.02"]
[Round "6"]
[White "Schena, Arthur"]
[Black "Peroza, Eduardo Antunes"]
[Result "0-1"]
[WhiteElo "1885"]
[BlackElo "2054"]
[PlyCount "54"]
[EventDate "2023.06.30"]
[EventType "swiss"]
[EventRounds "6"]
[EventCountry "BRA"]
[SourceTitle "CBM 215 Extra"]
[Source "ChessBase"]
[SourceDate "2023.09.30"]
[SourceVersion "1"]
[SourceVersionDate "2023.09.30"]
[SourceQuality "1"]

1. Nf3 c5 2. g3 Nc6 3. Bg2 g6 4. 0-0 Bg7 5. d3 e5 6. c4 Nge7 7. Nc3 d6 8. Bg5 f6 9. Bd2 0-0 10. a3 Be6 11. Ne1 f5 12. b4 Qd7 13. bxc5 dxc5 14. Rb1 Rad8 15. Qb3 b6 16. Bg5 Nd4 17. Qa2 Bf6 18. Bxf6 Rxf6 19. Nf3 Nxf3+ 20. Bxf3 g5 21. Bg2 f4 22. Ne4 Rff8 23. Qa1 Nc6 24. Nc3 Nd4 25. e3 fxe3 26. fxe3 Nc2 27. Qb2 Nxe3 0-1

[Event "Joacaba op 2nd"]
[Site "Joacaba"]
[Date "2023.06.30"]
[Round "1"]
[White "Luzzi, Eike Leons Lima"]
[Black "Schena, Arthur"]
[Result "0-1"]
[WhiteElo "1800"]
[BlackElo "1885"]
[PlyCount "72"]
[EventDate "2023.06.30"]
[EventType "swiss"]
[EventRounds "6"]
[EventCountry "BRA"]
[SourceTitle "CBM 215 Extra"]
[Source "ChessBase"]
[SourceDate "2023.09.30"]
[SourceVersion "1"]
[SourceVersionDate "2023.09.30"]
[SourceQuality "1"]

1. e4 c5 2. Nf3 e6 3. Nc3 Nc6 4. Bc4 Nf6 5. 0-0 d5 6. exd5 exd5 7. Bb5 Be7 8. Bxc6+ bxc6 9. d4 0-0 10. Re1 Bg4 11. dxc5 Bxc5 12. h3 Bh5 13. Bg5 Qd6 14. Qd3 Bg6 15. Qa6 Ne4 16. Nxe4 Bxe4 17. Nd2 f5 18. Nxe4 fxe4 19. Be3 Bxe3 20. Rxe3 Qf6 21. Rf1 Rf7 22. c4 Re8 23. cxd5 cxd5 24. Qxf6 gxf6 25. Rd1 Rd7 26. f3 f5 27. g4 d4 28. fxe4 fxe4 29. b4 Ree7 30. Rg3 e3 31. Kf1 e2+ 32. Ke1 exd1Q+ 33. Kxd1 Re3 34. Rxe3 dxe3+ 35. Ke2 Rd2+ 36. Kxe3 Rxa2 0-1

[Event "Caioba op 7th"]
[Site "Caioba"]
[Date "2023.06.20"]
[Round "4"]
[White "Aranha Filho, Alvaro Zimmermann"]
[Black "Schena, Arthur"]
[Result "1-0"]
[WhiteElo "2137"]
[BlackElo "1885"]
[PlyCount "51"]
[EventDate "2023.06.18"]
[EventType "swiss"]
[EventRounds "9"]
[EventCountry "BRA"]
[SourceTitle "CBM 214 Extra"]
[Source "ChessBase"]
[SourceDate "2023.07.31"]
[SourceVersion "1"]
[SourceVersionDate "2023.07.31"]
[SourceQuality "1"]

1. d4 Nf6 2. c4 g6 3. Nc3 Bg7 4. e4 d6 5. f3 0-0 6. Be3 Nc6 7. Nge2 a6 8. Qd2 Rb8 9. Rc1 Bd7 10. Nd1 Re8 11. Nf2 e5 12. d5 Nd4 13. Nxd4 exd4 14. Bxd4 c5 15. dxc6 bxc6 16. Be2 h5 17. 0-0 Kh7 18. Rcd1 Bh6 19. Qc3 Re6 20. c5 dxc5 21. Qxc5 Qc7 22. Bc4 Bf8 23. Qa7 Rb7 24. Qxa6 c5 25. Bxe6 Bb5 26. Qa3 1-0

[Event "Catarinense-ch U20"]
[Site "Rio Negrinho"]
[Date "2023.03.25"]
[Round "4"]
[White "Cordeiro, Marco Aurelio Zaror"]
[Black "Schena, Arthur"]
[Result "1-0"]
[WhiteElo "2074"]
[BlackElo "1883"]
[PlyCount "41"]
[EventDate "2023.03.24"]
[EventType "swiss"]
[EventRounds "6"]
[EventCountry "BRA"]
[SourceTitle "CBM 213 Extra"]
[Source "ChessBase"]
[SourceDate "2023.05.31"]
[SourceVersion "1"]
[SourceVersionDate "2023.05.31"]
[SourceQuality "1"]

1. e4 c5 2. Nf3 e6 3. c4 Nc6 4. d4 cxd4 5. Nxd4 Nf6 6. Nc3 Bb4 7. Nxc6 bxc6 8. Bd3 Bxc3+ 9. bxc3 e5 10. Ba3 d6 11. c5 d5 12. exd5 Qxd5 13. 0-0 0-0 14. Qe2 Bg4 15. f3 e4 16. Bc4 exf3 17. gxf3 Qg5 18. fxg4 Nxg4 19. Kh1 Qh4 20. Rf4 h5 21. Raf1 1-0

[Event "Catarinense-ch U20"]
[Site "Rio Negrinho"]
[Date "2023.03.25"]
[Round "3"]
[White "Schena, Arthur"]
[Black "Cubas, Jose Fernando"]
[Result "0-1"]
[WhiteElo "1883"]
[BlackElo "2451"]
[PlyCount "120"]
[EventDate "2023.03.24"]
[EventType "swiss"]
[EventRounds "6"]
[EventCountry "BRA"]
[SourceTitle "CBM 213 Extra"]
[Source "ChessBase"]
[SourceDate "2023.05.31"]
[SourceVersion "1"]
[SourceVersionDate "2023.05.31"]
[SourceQuality "1"]

1. Nf3 c5 2. g3 Nc6 3. Bg2 g6 4. 0-0 Bg7 5. d3 d5 6. Nbd2 Nf6 7. e4 0-0 8. c3 e5 9. exd5 Nxd5 10. Re1 Re8 11. a4 b6 12. Qb3 Be6 13. Nc4 f6 14. a5 Rb8 15. Qb5 Qd7 16. axb6 axb6 17. Nfd2 Kh8 18. Ra6 e4 19. Bxe4 Bh3 20. Ne3 Rxe4 21. dxe4 Nc7 22. Qe2 Nxa6 23. Qxa6 f5 24. Qe2 Re8 25. Nd5 fxe4 26. Nxb6 Qf7 27. Nbc4 Qd5 28. Ne3 Qf7 29. Nec4 e3 30. Nxe3 Ne5 31. f4 Ng4 32. Qf3 c4 33. Ne4 Ne5 34. Qe2 Nd3 35. Nd6 Qe7 36. Nxe8 Nxe1 37. Qxe1 Qxe8 38. Qe2 Qe4 39. Qc2 Qc6 40. Qd1 h5 41. Qd5 Qa4 42. Nxc4 Qa1 43. Qd2 Qa4 44. Ne3 Qe4 45. Qc2 Qf3 46. Qd1 Qe4 47. Kf2 Kh7 48. Qf3 Qb1 49. Qd1 Bf8 50. b4 Bg7 51. Qc2 Qa1 52. Qb2 Qa8 53. Qe2 Qh1 54. Nf1 Qg2+ 55. Ke1 Bxc3+ 56. Bd2 Qxf1+ 57. Qxf1 Bxd2+ 58. Kxd2 Bxf1 59. Ke3 Kg7 60. Kd4 Kf6 0-1

[Event "Catarinense-ch U20"]
[Site "Rio Negrinho"]
[Date "2023.03.24"]
[Round "2"]
[White "Do Valle Cardoso, Lucas"]
[Black "Schena, Arthur"]
[Result "0-1"]
[WhiteElo "2250"]
[BlackElo "1883"]
[PlyCount "86"]
[EventDate "2023.03.24"]
[EventType "swiss"]
[EventRounds "6"]
[EventCountry "BRA"]
[SourceTitle "CBM 213 Extra"]
[Source "ChessBase"]
[SourceDate "2023.05.31"]
[SourceVersion "1"]
[SourceVersionDate "2023.05.31"]
[SourceQuality "1"]

1. e4 c5 2. Nf3 e6 3. d4 cxd4 4. Nxd4 Nf6 5. Nc3 Nc6 6. Be2 Bb4 7. 0-0 Bxc3 8. bxc3 Nxe4 9. Bd3 d5 10. Bxe4 dxe4 11. Ba3 Nxd4 12. cxd4 Qa5 13. Qc1 Bd7 14. c4 Bc6 15. Rd1 0-0-0 16. Qe3 f5 17. Be7 Rd7 18. Bg5 h6 19. Bf4 Rhd8 20. h4 Rg8 21. h5 Ba4 22. Rdc1 Bc6 23. Bg3 g5 24. hxg6 Rxg6 25. Rd1 Ba4 26. Rd2 Rg4 27. d5 h5 28. Be5 exd5 29. Bc3 Qb6 30. Qxb6 axb6 31. cxd5 Bb5 32. Be5 Bd3 33. Rc1+ Kd8 34. d6 Rg6 35. Kh2 Ke8 36. a4 Kf7 37. Rb2 Ke6 38. Rc7 Ba6 39. Rxb6 Rg8 40. g3 Rxc7 41. dxc7+ Kxe5 42. Rh6 Rc8 43. Rh7 Be2 0-1

[Event "Criciuma op"]
[Site "Criciuma"]
[Date "2023.01.18"]
[Round "8"]
[White "Schena, Arthur"]
[Black "Dos Santos, Nicoly Guilherme"]
[Result "1-0"]
[WhiteElo "1918"]
[BlackElo "1729"]
[PlyCount "47"]
[EventDate "2023.01.13"]
[EventType "swiss"]
[EventRounds "9"]
[EventCountry "BRA"]
[SourceTitle "CBM 212 Extra"]
[Source "ChessBase"]
[SourceDate "2023.03.31"]
[SourceVersion "1"]
[SourceVersionDate "2023.03.31"]
[SourceQuality "1"]

1. Nf3 d5 2. g3 e6 3. Bg2 Nf6 4. 0-0 Be7 5. d3 Nbd7 6. Nbd2 b6 7. e4 Bb7 8. e5 Ng4 9. Re1 0-0 10. h3 Nh6 11. g4 c5 12. Nf1 Re8 13. Bf4 Bf8 14. Qd2 Kh8 15. Ng3 Ng8 16. c4 f6 17. Rad1 g5 18. Be3 d4 19. Bxg5 fxg5 20. Nxg5 Qc7 21. Nf7+ Kg7 22. Qf4 Kg6 23. Nh5 Bh6 24. Nh8# 1-0

[Event "Criciuma op"]
[Site "Criciuma"]
[Date "2023.01.16"]
[Round "5"]
[White "Cubas, Jose Fernando"]
[Black "Schena, Arthur"]
[Result "1-0"]
[WhiteElo "2458"]
[BlackElo "1918"]
[PlyCount "65"]
[EventDate "2023.01.13"]
[EventType "swiss"]
[EventRounds "9"]
[EventCountry "BRA"]
[SourceTitle "CBM 212 Extra"]
[Source "ChessBase"]
[SourceDate "2023.03.31"]
[SourceVersion "1"]
[SourceVersionDate "2023.03.31"]
[SourceQuality "1"]

1. e4 c5 2. Nf3 e6 3. d4 cxd4 4. Nxd4 Nf6 5. Nc3 Nc6 6. Ndb5 Bb4 7. Bg5 a6 8. a3 Bxc3+ 9. Nxc3 Qa5 10. Qd2 b5 11. Bd3 b4 12. Nd1 b3 13. cxb3 Qxd2+ 14. Bxd2 Nd4 15. b4 Bb7 16. Nc3 Nb3 17. Rd1 Nxd2 18. Rxd2 d5 19. exd5 Nxd5 20. Nxd5 Bxd5 21. Ke2 Ke7 22. Rc2 Rhc8 23. Rxc8 Rxc8 24. f3 Bb7 25. Kd2 h6 26. Rc1 Rxc1 27. Kxc1 Kd6 28. Kd2 Ke5 29. Ke3 g5 30. g3 f6 31. a4 Kd6 32. f4 Bc8 33. a5 1-0

[Event "Concordia op 6th"]
[Site "Concordia"]
[Date "2022.10.14"]
[Round "5"]
[White "Schena, Arthur"]
[Black "Manfroi, Alexander Giannini1"]
[Result "1-0"]
[WhiteElo "1918"]
[BlackElo "1728"]
[PlyCount "95"]
[EventDate "2022.10.12"]
[EventType "swiss"]
[EventRounds "9"]
[EventCountry "BRA"]
[SourceTitle "CBM 210 Extra"]
[Source "ChessBase"]
[SourceDate "2022.11.30"]
[SourceVersion "1"]
[SourceVersionDate "2022.11.30"]
[SourceQuality "1"]

1. Nf3 d5 2. g3 Nc6 3. d4 Bf5 4. c4 e6 5. Qa4 Bb4+ 6. Nc3 Nf6 7. Bg5 0-0 8. Bg2 h6 9. Bxf6 Qxf6 10. 0-0 dxc4 11. a3 Bxc3 12. bxc3 Be4 13. Qxc4 Qf5 14. Nd2 Bxg2 15. Kxg2 Qd5+ 16. e4 Qxc4 17. Nxc4 b5 18. Ne3 Na5 19. Rab1 Rab8 20. Rb2 Rb6 21. Rfb1 Rfb8 22. Kf3 Nc4 23. Nxc4 bxc4 24. Rxb6 Rxb6 25. Rxb6 cxb6 26. Ke3 b5 27. d5 e5 28. Kd2 g6 29. Kc2 f5 30. f3 Kf7 31. g4 fxg4 32. fxg4 Ke7 33. a4 a6 34. Kb2 Kd6 35. Ka3 Kc5 36. axb5 axb5 37. Ka2 Kd6 38. Kb2 Kc5 39. Ka3 h5 40. gxh5 gxh5 41. h4 b4+ 42. cxb4+ Kb5 43. Kb2 Kb6 44. Kc3 Kb5 45. d6 Kc6 46. Kxc4 Kxd6 47. b5 Ke6 48. Kc5 1-0

[Event "Timbo U2200 op 2nd"]
[Site "Timbo"]
[Date "2022.08.13"]
[Round "4"]
[White "Bisesar, Maycon da Costa"]
[Black "Schena, Arthur"]
[Result "1/2-1/2"]
[WhiteElo "1765"]
[BlackElo "1915"]
[PlyCount "93"]
[EventDate "2022.08.12"]
[EventType "swiss"]
[EventRounds "6"]
[EventCountry "BRA"]
[SourceTitle "EXT 2024"]
[Source "ChessBase"]
[SourceDate "2023.10.10"]
[SourceVersion "1"]
[SourceVersionDate "2023.10.10"]
[SourceQuality "1"]

1. d4 Nf6 2. c4 g6 3. Nc3 Bg7 4. Nf3 0-0 5. e4 d6 6. Be2 e5 7. dxe5 dxe5 8. Qxd8 Rxd8 9. Bg5 Re8 10. Nd5 Nxd5 11. cxd5 c6 12. dxc6 Nxc6 13. Bb5 h6 14. Bxc6 bxc6 15. Be3 Ba6 16. 0-0-0 Bc4 17. b3 Be6 18. Bc5 a5 19. Kb2 f5 20. Nd2 Reb8 21. f3 Rb5 22. Rc1 Rd8 23. Nb1 h5 24. Na3 Rb7 25. Rcd1 Rbd7 26. Rxd7 Rxd7 27. Kc2 a4 28. Nc4 axb3+ 29. axb3 fxe4 30. fxe4 Bxc4 31. bxc4 Bf8 32. Be3 Kg7 33. Rd1 Rb7 34. Rb1 Rd7 35. Rb6 Rc7 36. Ra6 Kf6 37. Ra1 Ke6 38. Ra8 Kf7 39. Ra7 Rxa7 40. Bxa7 Kf6 41. Be3 Ke6 42. Kb3 Bd6 43. Ka4 Bc7 44. Kb4 Kd6 45. Bc5+ Ke6 46. Ba7 Kd6 47. Bc5+ 1/2-1/2

[Event "Florianopolis Winter op 6th"]
[Site "Florianopolis"]
[Date "2022.07.17"]
[Round "9"]
[White "Schena, Arthur"]
[Black "Rodrigues Mota, Romulo Cardoso S"]
[Result "1-0"]
[WhiteElo "1889"]
[BlackElo "2005"]
[PlyCount "75"]
[EventDate "2022.07.13"]
[EventType "swiss"]
[EventRounds "9"]
[EventCountry "BRA"]
[SourceTitle "CBM 209 Extra"]
[Source "ChessBase"]
[SourceDate "2022.09.30"]
[SourceVersion "1"]
[SourceVersionDate "2022.09.30"]
[SourceQuality "1"]

1. d4 Nf6 2. c4 e6 3. a3 d5 4. Nc3 b6 5. cxd5 exd5 6. Bg5 Bb7 7. e3 Nbd7 8. Bd3 Be7 9. Nf3 0-0 10. 0-0 Re8 11. Rc1 a6 12. h3 h6 13. Bf4 c5 14. Bb1 Ne4 15. dxc5 Ndxc5 16. Ba2 Nxc3 17. Rxc3 Bf6 18. Nd4 Re4 19. Bh2 Qd7 20. Bb1 Re7 21. Bf5 Qd8 22. Qg4 Ne4 23. Rc2 g6 24. Ne6 fxe6 25. Qxg6+ Kf8 26. Bxe4 Rg7 27. Qxh6 dxe4 28. Rc7 Kg8 29. Rxg7+ Bxg7 30. Qxe6+ Kh8 31. Be5 Qg5 32. Bxg7+ Qxg7 33. Qxb6 Rg8 34. g3 Bc8 35. Rc1 Bxh3 36. Rc7 Qf8 37. Qxa6 Rxg3+ 38. fxg3 1-0

[Event "BRA-ch U20"]
[Site "Concordia"]
[Date "2019.08.04"]
[Round "6"]
[White "Cadilhac, Igor Tokuichi Kikuc"]
[Black "Schena, Arthur"]
[Result "1-0"]
[WhiteElo "2327"]
[BlackElo "1886"]
[PlyCount "49"]
[EventDate "2019.08.01"]
[EventType "swiss"]
[EventRounds "7"]
[EventCountry "BRA"]
[SourceTitle "EXT 2020"]
[Source "ChessBase"]
[SourceDate "2019.10.17"]
[SourceVersion "1"]
[SourceVersionDate "2019.10.17"]
[SourceQuality "1"]

1. e4 c5 2. Nf3 e6 3. g3 Nc6 4. Bg2 g6 5. d4 cxd4 6. Nxd4 Bg7 7. Nb5 Qa5+ 8. N1c3 a6 9. Nd6+ Ke7 10. 0-0 Qc5 11. Bf4 Ne5 12. Nxc8+ Rxc8 13. Be3 Qc7 14. Bd4 Nf6 15. f4 Nc6 16. Bc5+ d6 17. Ba3 b5 18. e5 Ne8 19. Qe1 Qb6+ 20. Rf2 b4 21. exd6+ Kd7 22. Bxc6+ Rxc6 23. Nd5 Qxf2+ 24. Qxf2 exd5 25. Qa7+ 1-0

[Event "BRA-ch U20"]
[Site "Concordia"]
[Date "2019.08.02"]
[Round "2"]
[White "Lima, Leonardo1111"]
[Black "Schena, Arthur"]
[Result "0-1"]
[WhiteElo "1613"]
[BlackElo "1886"]
[PlyCount "122"]
[EventDate "2019.08.01"]
[EventType "swiss"]
[EventRounds "7"]
[EventCountry "BRA"]
[SourceTitle "EXT 2020"]
[Source "ChessBase"]
[SourceDate "2019.10.17"]
[SourceVersion "1"]
[SourceVersionDate "2019.10.17"]
[SourceQuality "1"]

1. d4 Nf6 2. Nf3 g6 3. e3 Bg7 4. Bd3 0-0 5. c3 d6 6. 0-0 Nbd7 7. Nbd2 e5 8. Qc2 Qe7 9. Re1 Kh8 10. dxe5 dxe5 11. e4 Nc5 12. Nc4 Nxd3 13. Qxd3 Nd7 14. Be3 Nb6 15. Bxb6 axb6 16. a3 Rd8 17. Qe3 b5 18. Ncd2 Ra6 19. Nb3 Rad6 20. Qe2 c6 21. Rad1 Be6 22. Qc2 b6 23. Nc1 h6 24. h3 Qd7 25. Rxd6 Qxd6 26. Ne2 Bc4 27. Nc1 Kg8 28. b3 Be6 29. Qa2 Ra8 30. Qd2 Qxd2 31. Nxd2 Rxa3 32. Kh2 Kf8 33. g4 c5 34. Re3 Ke7 35. Rd3 Bf6 36. c4 b4 37. Nf3 Ra1 38. Ne2 Ra2 39. Re3 Kd7 40. Kg3 Kc6 41. h4 Bg7 42. Nh2 b5 43. cxb5+ Kxb5 44. Kf3 Rb2 45. Nf1 Rxb3 46. Rxb3 Bxb3 47. Ne3 Be6 48. Nd5 c4 49. g5 Bf8 50. Ke3 hxg5 51. hxg5 Bc5+ 52. Kd2 c3+ 53. Nexc3+ bxc3+ 54. Kxc3 Bd4+ 55. Kd2 Bg4 56. Nc3+ Kc5 57. Nd5 Bxf2 58. Nf6 Be6 59. Ke2 Bh4 60. Nh7 Kd4 61. Kf3 Bc8 0-1

[Event "Florianopolis op 5th"]
[Site "Florianopolis"]
[Date "2019.01.27"]
[Round "10"]
[White "Schena, Arthur"]
[Black "Lukachewski Junior, Wanderlei"]
[Result "0-1"]
[WhiteElo "1831"]
[BlackElo "2046"]
[PlyCount "66"]
[EventDate "2019.01.21"]
[EventType "swiss"]
[EventRounds "10"]
[EventCountry "BRA"]
[SourceTitle "EXT 2020"]
[Source "ChessBase"]
[SourceDate "2019.10.17"]
[SourceVersion "1"]
[SourceVersionDate "2019.10.17"]
[SourceQuality "1"]

1. d4 d5 2. c4 e6 3. Nc3 c5 4. e3 Nf6 5. Nf3 Nc6 6. cxd5 exd5 7. Bb5 a6 8. Bxc6+ bxc6 9. Ne5 Qc7 10. Qa4 Bb7 11. b3 Bd6 12. Nf3 Nd7 13. Ba3 0-0 14. 0-0 a5 15. dxc5 Nxc5 16. Qd4 Ne6 17. Bxd6 Qxd6 18. Qe5 Qxe5 19. Nxe5 Rfd8 20. Rfd1 c5 21. f4 d4 22. Na4 dxe3 23. f5 Nf4 24. Nxc5 e2 25. Re1 Bxg2 26. Kf2 Rd5 27. Ned3 Nxd3+ 28. Nxd3 Bf1 29. Nf4 Rxf5 30. Kg3 Re8 31. Rac1 g6 32. Rc2 Re3+ 33. Kf2 Re4 0-1

[Event "Florianopolis op 5th"]
[Site "Florianopolis"]
[Date "2019.01.26"]
[Round "9"]
[White "De Carvalho, Christopher"]
[Black "Schena, Arthur"]
[Result "1-0"]
[WhiteElo "2131"]
[BlackElo "1831"]
[PlyCount "75"]
[EventDate "2019.01.21"]
[EventType "swiss"]
[EventRounds "10"]
[EventCountry "BRA"]
[SourceTitle "EXT 2020"]
[Source "ChessBase"]
[SourceDate "2019.10.17"]
[SourceVersion "1"]
[SourceVersionDate "2019.10.17"]
[SourceQuality "1"]

1. d4 Nf6 2. c4 g6 3. Nc3 Bg7 4. e4 d6 5. h3 0-0 6. Be3 Nbd7 7. Nf3 e5 8. d5 Nh5 9. g3 a5 10. Be2 b6 11. a3 Nc5 12. Nd2 Nf6 13. b4 Ncd7 14. Nb3 Ne8 15. g4 f5 16. gxf5 gxf5 17. exf5 Rxf5 18. Bg4 Rf4 19. Be6+ Kh8 20. Rc1 Rxc4 21. Qd3 Qh4 22. Nd2 Rf4 23. Bxf4 exf4 24. Nf3 Qf6 25. Ne4 Qb2 26. Rb1 Qa2 27. Neg5 Ndf6 28. 0-0 axb4 29. axb4 Ra3 30. Qf5 Bxe6 31. dxe6 h6 32. Nf7+ Kg8 33. Ra1 Qxa1 34. Rxa1 Rxa1+ 35. Kg2 Rd1 36. Qxf4 Nh5 37. Nxh6+ Kh7 38. Qf5+ 1-0

[Event "Florianopolis op 5th"]
[Site "Florianopolis"]
[Date "2019.01.24"]
[Round "5"]
[White "Belmonte, Dulce"]
[Black "Schena, Arthur"]
[Result "0-1"]
[WhiteElo "1570"]
[BlackElo "1831"]
[PlyCount "63"]
[EventDate "2019.01.21"]
[EventType "swiss"]
[EventRounds "10"]
[EventCountry "BRA"]
[SourceTitle "CBM 188 Extra"]
[Source "ChessBase"]
[SourceDate "2019.02.26"]
[SourceVersion "1"]
[SourceVersionDate "2019.02.26"]
[SourceQuality "1"]

1. d4 Nf6 2. c4 g6 3. g3 Bg7 4. Bg2 0-0 5. Nf3 d6 6. Nc3 Nbd7 7. 0-0 e5 8. e4 exd4 9. Nxd4 Re8 10. Re1 a5 11. Ndb5 Ne5 12. Nd5 Nxd5 13. cxd5 Bg4 14. f3 Bd7 15. Nc3 a4 16. a3 b5 17. Qc2 Qb8 18. Be3 Nc4 19. Bf2 b4 20. axb4 Qxb4 21. Na2 Qb3 22. Qe2 Bxb2 23. Nc1 Qb5 24. Ra2 a3 25. Bf1 Ra4 26. Qc2 Rb8 27. Rd1 Qa6 28. Nb3 Rab4 29. Nd4 Ba4 30. Qd3 Bxd1 31. Ne6 Bb3 32. Nxc7 0-1

[Event "Florianopolis op 5th"]
[Site "Florianopolis"]
[Date "2019.01.22"]
[Round "3"]
[White "De Oliveira, Gualter Amelio"]
[Black "Schena, Arthur"]
[Result "0-1"]
[WhiteElo "1455"]
[BlackElo "1831"]
[PlyCount "66"]
[EventDate "2019.01.21"]
[EventType "swiss"]
[EventRounds "10"]
[EventCountry "BRA"]
[SourceTitle "CBM 188 Extra"]
[Source "ChessBase"]
[SourceDate "2019.02.26"]
[SourceVersion "1"]
[SourceVersionDate "2019.02.26"]
[SourceQuality "1"]

1. c4 e5 2. d3 f5 3. Nc3 Nc6 4. g3 Nf6 5. Bg2 Bb4 6. Bd2 0-0 7. a3 Bxc3 8. Bxc3 d6 9. Qd2 Bd7 10. e3 Qe8 11. Ne2 Qh5 12. b4 Rae8 13. b5 Nd8 14. 0-0-0 Ne6 15. f3 Nc5 16. Qc2 Qh6 17. Bd2 e4 18. Nf4 g5 19. d4 gxf4 20. dxc5 fxe3 21. Be1 exf3 22. Bxf3 Ne4 23. Bxe4 fxe4 24. Qe2 Qg5 25. Rd5 Rf5 26. h4 Qf6 27. Qg4+ Kh8 28. Qd1 Qa1+ 29. Kc2 Qa2+ 30. Kc3 e2 31. Qd4+ Kg8 32. Kb4 a5+ 33. Kc3 Rf3+ 0-1

[Event "Florianopolis op 5th"]
[Site "Florianopolis"]
[Date "2019.01.22"]
[Round "2"]
[White "Schena, Arthur"]
[Black "Souza Neves, Andrey Marcelo"]
[Result "0-1"]
[WhiteElo "1831"]
[BlackElo "2086"]
[PlyCount "88"]
[EventDate "2019.01.21"]
[EventType "swiss"]
[EventRounds "10"]
[EventCountry "BRA"]
[SourceTitle "CBM 188 Extra"]
[Source "ChessBase"]
[SourceDate "2019.02.26"]
[SourceVersion "1"]
[SourceVersionDate "2019.02.26"]
[SourceQuality "1"]

1. d4 d5 2. c4 e6 3. Nc3 Be7 4. cxd5 exd5 5. Nf3 c6 6. Qc2 g6 7. e4 dxe4 8. Nxe4 Nf6 9. Ng3 0-0 10. Bd2 Be6 11. Bd3 Nbd7 12. h4 c5 13. h5 c4 14. Bxg6 fxg6 15. hxg6 Bd6 16. gxh7+ Kh8 17. Nh4 Bf7 18. Ngf5 Re8+ 19. Kf1 Bf8 20. Nh6 Bxh6 21. Bxh6 Ng4 22. Ng6+ Bxg6 23. Qxg6 Nxh6 24. Rxh6 Qb6 25. Qg5 Qxb2 26. Rc1 Rf8 27. f3 Qxd4 28. Rg6 Qd3+ 29. Kg1 Rae8 30. Rg8+ Rxg8 31. hxg8R+ Rxg8 32. Qh4+ Kg7 33. Rxc4 Qd1+ 34. Kf2 Qd2+ 35. Kf1 Nf6 36. Qg3+ Kf7 37. Rc7+ Ke6 38. Qh3+ Ng4 39. fxg4 Qd1+ 40. Kf2 Rf8+ 41. Ke3 Qe1+ 42. Kd3 Rd8+ 43. Kc4 Qc1+ 44. Kb5 Rd5+ 0-1

[Event "Florianopolis op 5th"]
[Site "Florianopolis"]
[Date "2019.01.21"]
[Round "1"]
[White "Marocco, Gabriel Leao Quadro"]
[Black "Schena, Arthur"]
[Result "0-1"]
[WhiteElo "1762"]
[BlackElo "1831"]
[PlyCount "48"]
[EventDate "2019.01.21"]
[EventType "swiss"]
[EventRounds "10"]
[EventCountry "BRA"]
[SourceTitle "CBM 188 Extra"]
[Source "ChessBase"]
[SourceDate "2019.02.26"]
[SourceVersion "1"]
[SourceVersionDate "2019.02.26"]
[SourceQuality "1"]

1. e4 d6 2. d4 Nf6 3. Nc3 Nbd7 4. Nf3 g6 5. Bc4 Bg7 6. 0-0 0-0 7. Be3 e5 8. dxe5 dxe5 9. Qd2 Qe7 10. Bh6 Nc5 11. Bxg7 Kxg7 12. Rad1 Bg4 13. Qe3 c6 14. Rfe1 b5 15. Bb3 b4 16. Ne2 Nfxe4 17. Ng3 f5 18. h3 f4 19. Qe2 fxg3 20. hxg4 gxf2+ 21. Kh1 Rxf3 22. Qxf3 Qh4+ 23. Qh3 fxe1R+ 24. Rxe1 Nf2+ 0-1

[Event "Concordia op 4th"]
[Site "Concordia"]
[Date "2018.06.29"]
[Round "2"]
[White "Brito, Luismar Jorge"]
[Black "Schena, Arthur"]
[Result "1-0"]
[WhiteElo "2352"]
[BlackElo "1863"]
[PlyCount "29"]
[EventDate "2018.06.29"]
[EventType "swiss"]
[EventRounds "6"]
[EventCountry "BRA"]
[SourceTitle "EXT 2019"]
[Source "ChessBase"]
[SourceDate "2018.10.10"]
[SourceVersion "1"]
[SourceVersionDate "2018.10.10"]
[SourceQuality "1"]

1. Nc3 d5 2. e4 d4 3. Nce2 c5 4. c3 e5 5. Nf3 Nc6 6. Ng3 d3 7. Qa4 Bd7 8. Qc4 b5 9. Qxd3 c4 10. Qc2 Nf6 11. d3 Be6 12. dxc4 bxc4 13. Qa4 Rc8 14. Nxe5 Bc5 15. Nxc6 1-0

[Event "Santa Catarina-chT"]
[Site "Piratuba"]
[Date "2018.04.15"]
[Round "4.2"]
[White "Schena, Arthur"]
[Black "Franceschina, Dalvan Jose"]
[Result "1/2-1/2"]
[WhiteElo "1849"]
[BlackElo "1960"]
[PlyCount "61"]
[EventDate "2018.04.13"]
[EventType "team-swiss"]
[EventRounds "5"]
[EventCountry "BRA"]
[SourceTitle "CBM 184 Extra"]
[Source "ChessBase"]
[SourceDate "2018.06.28"]
[SourceVersion "1"]
[SourceVersionDate "2018.06.28"]
[SourceQuality "1"]
[WhiteTeam "FCX"]
[BlackTeam "Elo Ideias"]
[WhiteTeamCountry "BRA"]
[BlackTeamCountry "BRA"]

1. d4 Nf6 2. c4 d5 3. cxd5 Qxd5 4. Nc3 Qa5 5. Bd2 c6 6. e4 e6 7. Nf3 Nbd7 8. Bd3 Qd8 9. 0-0 Be7 10. Qc2 h6 11. e5 Nd5 12. Nxd5 cxd5 13. Ne1 Nb6 14. b3 Bd7 15. f4 Rc8 16. Qd1 Na8 17. g4 Qb6 18. Be3 Bb5 19. f5 Bxd3 20. Nxd3 Bg5 21. Qf3 Bxe3+ 22. Qxe3 exf5 23. gxf5 Rc6 24. Rac1 Nc7 25. Nc5 Nb5 26. Rce1 Nc7 27. a4 Na6 28. e6 Nxc5 29. dxc5 Qb4 30. Rf4 Qa3 31. Re2 1/2-1/2

[Event "Santa Catarina-chT"]
[Site "Piratuba"]
[Date "2018.04.14"]
[Round "2.2"]
[White "Schena, Arthur"]
[Black "Klein, Jean Carlo"]
[Result "1/2-1/2"]
[WhiteElo "1849"]
[BlackElo "1927"]
[PlyCount "39"]
[EventDate "2018.04.13"]
[EventType "team-swiss"]
[EventRounds "5"]
[EventCountry "BRA"]
[SourceTitle "CBM 184 Extra"]
[Source "ChessBase"]
[SourceDate "2018.06.28"]
[SourceVersion "1"]
[SourceVersionDate "2018.06.28"]
[SourceQuality "1"]
[WhiteTeam "FCX"]
[BlackTeam "Caita"]
[WhiteTeamCountry "BRA"]
[BlackTeamCountry "BRA"]

1. d4 Nf6 2. c4 c5 3. d5 e5 4. Nc3 d6 5. e4 Be7 6. Be2 0-0 7. f4 exf4 8. Bxf4 Re8 9. h3 Bf8 10. Qc2 Na6 11. a3 Nxe4 12. Nxe4 Bf5 13. Nf3 Bxe4 14. Qc3 Bxf3 15. Qxf3 Qe7 16. Kf2 Qe4 17. Qxe4 Rxe4 18. Kf3 Ree8 19. Bd3 g6 20. Rab1 1/2-1/2